Sports Invented in Canada - Statistics

General Stats
  • This quiz has been taken 17 times
  • The average score is 7 of 18
Answer Stats
Hint Answer % Correct
Use a stick to shoot a puck into a net. Ice Hockey
100%
Using a stick similar to a butterfly net. Lacrosse
100%
Involves a broom and a stone on ice but with two people. Doubles Curling
80%
Typically played on a diamond. Baseball
73%
Popular American Sport using obscure ball. American Football
67%
Popular Canadian Sport using obscure ball. Canadian Football
60%
Involves a typically orange ball. Basketball
53%
Similar to a sport played on an outdoor course but involves a Frisbee. Disc Golf
47%
Uses a stick named after a certain sweeping object to hit the ball. Broomball
33%
Horses attached to wagons that race. Chuckwagon Racing
33%
Similar to answer 1 but uses a ring instead of a puck. Ringette
33%
Similar to answers 4 and 9 but underwater. Underwater Football
20%
Flick a puck as close to the middle as possible. Crokinole
13%
Typically played in an alley. 5-Pin Bowling
7%
A mix between Curling and Crokinole. Crokicurl
7%
A Canadian Military Martial Art invented during WWII. Defendo
7%
Involves a gigantic ball and three teams at play. Kin-Ball
7%
Handicap version of a sport popular in the UK. Wheelchair Rugby
7%
No matching quizzes found
Score Distribution
Percent of People with Each Score
Percentile by Number Answered
Your Score History
You have not taken this quiz